Logo

Description automatically generated
विद्यार्जन
 संसाधन केंद्र, भारतीय प्रौद्योगिकी संस्थान इन्दौर
Learning Resource Center, Indian Institute of Technology Indore

ऑनलाइन सार्वजनिक अभिगम प्रसूची
Online Public Access Catalogue (OPAC)

In search of biohappiness : biodiversity and food, health and livelihood security [2nd ed.] (Record no. 53153)

MARC details
000 -LEADER
fixed length control field 00703nam a22002177a 4500
005 - DATE AND TIME OF LATEST TRANSACTION
control field 20260428182834.0
008 - FIXED-LENGTH DATA ELEMENTS--GENERAL INFORMATION
fixed length control field 260428b |||||||| |||| 00| 0 eng d
020 ## - INTERNATIONAL STANDARD BOOK NUMBER
International Standard Book Number 9798886131567
Qualifying information hb
082 ## - DEWEY DECIMAL CLASSIFICATION NUMBER
Classification number 333.95
Item number SWA.2E
100 ## - MAIN ENTRY--PERSONAL NAME
Personal name Swaminathan, M. S.
245 ## - TITLE STATEMENT
Title In search of biohappiness : biodiversity and food, health and livelihood security [2nd ed.]
250 ## - EDITION STATEMENT
Edition statement 2nd ed. [Centenary edition]
260 ## - PUBLICATION, DISTRIBUTION, ETC.
Place of publication, distribution, etc. Singapore
Name of publisher, distributor, etc. World Scientific
Date of publication, distribution, etc. 2025
300 ## - PHYSICAL DESCRIPTION
Extent xxviii, 205p. ; 23cm.
653 ## - INDEX TERM--UNCONTROLLED
Uncontrolled term Biodiversity conservation--Economic aspects
653 ## - INDEX TERM--UNCONTROLLED
Uncontrolled term Food security
653 ## - INDEX TERM--UNCONTROLLED
Uncontrolled term Food supply
653 ## - INDEX TERM--UNCONTROLLED
Uncontrolled term Biotechnology industries
653 ## - INDEX TERM--UNCONTROLLED
Uncontrolled term Sustainable agriculture
942 ## - ADDED ENTRY ELEMENTS (KOHA)
Source of classification or shelving scheme Dewey Decimal Classification
Koha item type Book
Holdings
Withdrawn status Lost status Source of classification or shelving scheme Damaged status Not for loan Home library Current library Shelving location Date acquired Source of acquisition Total Checkouts Full call number Barcode Date last seen Price effective from Koha item type
    Dewey Decimal Classification     LRC, IIT Indore LRC, IIT Indore 3rd Floor - General Stack 28/04/2026 Gratis Book Price : NA   333.95 SWA.2E G2338 28/04/2026 28/04/2026 Book
Copyright © 2024, 2021, 2017 Indian Institute of Technology Indore. All Rights Reserved.
Managed & maintained by Learning Resource Center, IIT Indore